00566nam a2200193Ia 4500003000400000005001700004008004100021040000700062041000800069082001500077100002500092245004600117260003100163300000900194650002200203942001300225999001900238952011500257OSt20260326113534.0250729s2005 xx 000 0 und d cAL aeng a372.5 AGGM aJ.C.Aggarwal9230543 aMethods of materials of nursery education aNewdelhibDoba Housec2005 a243p aEducation9230544 2ddccBED c238834d238834 00104070aALbALd2025-07-29eManagement Booksl0o372.5 AGGMpBED04153r2025-07-29 16:57:02w2025-07-29yBK